01545nam a2200373 a 4500001001000000003000500010005001700015008004100032010001100073011001100084040000900095090001000104100004600114245017200160260004100332500006000373502007700433590004100510590004100551590004000592590004000632590004000672590004000712590004000752650004100792650005000833650004500883856007000928901000700998942001001005942000601015999001901021952013101040000115207CHAP20220329144523.0181203s2018 mx a sm |||||||spa d a111668 a112640 cCHAP aTesis1 aSánchez López, Marco Antonio.913619710aEfecto de los aminoácidos en la producción de jitomate ( Lycopersicum esculentum Mill.) en Chapingo, México /h[En línea]cpor Marco Antonio Sánchez López. aChapingo, Méx. :bEl autor,c2018. aPara ver el contenido del material haga clic en la liga aTesis (Ing. Agr. Esp. en Fitotecnia) -- UACH. Departamento de Fitotecnia aBATCH-UPDb10c20190619lUCH01h1201 aE11695DGDb10c20190619lUCH01h1200 aE8697GMMb05c20181203lUCH01h1435 aE8697GMMb05c20181203lUCH01h1437 aE8697GMMb05c20181204lUCH01h1439 aE8697GMMb05c20190507lUCH01h1004 aE8697GMMb05c20190517lUCH01h144214aAminoácidosxValor nutritivo9534114aCultivos en invernaderoxRendimiento.913494814aPlantasxDeficiencias nutritivas.988812 aFinding aiduhttp://10.13.5.2/tesis/sist115207.pdfzTeclea aquí aBK cTESIS n0 c111668d111668 00104054718TESISaBCbBCd2018-12-03fTESISl0oTesisp115215-10r2019-12-31 00:00:00w2019-12-31yTESISzRecien adquirido